• Gondry Michel

di Personal Name

Records bibliografici associati: 1

001 - CONTROL NUMBER

  • control field: 37981

003 - CONTROL NUMBER IDENTIFIER

  • control field: IT-RoPau

005 - DATE AND TIME OF LATEST TRANSACTION

  • control field: 20151125205941.0

008 - FIXED-LENGTH DATA ELEMENTS

  • fixed length control field: 151125|| aca||aabn | a|a d

040 ## - CATALOGING SOURCE

  • Original cataloging agency: IT-RoPau
  • Transcribing agency: IT-RoPau

100 ## - HEADING--PERSONAL NAME

  • Personal name: Gondry Michel
  • Relator term: (soggetto)
  • Miscellaneous information: Codice Soggetto 2° SPICS: 59830

670 ## - SOURCE DATA FOUND

  • Source citation: Work cat.: (IT-RoPau)104844: Gondry Michel Codice regista SPICS: 59830 37977, SE MI LASCI TI CANCELLO - ETERNAL SUNSHINE OF THE SPOTLESS MIND SE MI LASCI TI CANCELLO - ETERNAL SUNSHINE OF THE SPOTLESS MIND (Rif. Codice opera principale : H9537)
CREDITS: SOCIETA' SAN PAOLO Via A.Severo, 58 - ROMA (RM) & PERIODICI SAN PAOLO SRL Via Giotto, 36 MILANO & CISF Via Giotto, 36 MILANO & EDIZIONI SAN PAOLO SRL,  Piazza Soncino, 5 CINISELLO BALSAMO (MI) -- ITALY